000055592 001__ 55592 000055592 005__ 20170831083200.0 000055592 037__ $$aGDOC-2015-3192 000055592 041__ $$aspa 000055592 100__ $$0(orcid)0000-0003-0702-733X$$aValero Capilla, Antonio 000055592 24500 $$966326$$aSostenibilidad energética 000055592 260__ $$aZaragoza$$bUniversidad de Zaragoza$$c2015-2016 000055592 520__ $$aEn la asignatura de Sostenibilidad Energética, eminentemente práctica, se trata de estudiar el impacto social, económico y tecnológico de las distintas alternativas energéticas y sus problemáticas asociadas. Es una asignatura de discusión donde participarán en la exposición de los temas tanto alumnos como profesores, enriqueciendo de esta forma el debate. En la asignatura no se va a profundizar en cada una de las tecnologías renovables y de eficiencia energética. Más bien se van a abordar otros aspectos asociados que no se explican en las asignaturas convencionales. Así se abordarán temas de impacto social, medio ambiental, político y económico. 000055592 521__ $$9652$$aMáster Universitario en Energías Renovables y Eficiencia Energética 000055592 540__ $$aby-nc-sa$$bCreative Commons$$c3.0$$uhttp://creativecommons.org/licenses/by-nc-sa/3.0/ 000055592 700__ $$0(orcid)0000-0003-3330-1793$$aValero Delgado, Alicia 000055592 830__ $$9535 000055592 8564_ $$s80819$$uhttps://zaguan.unizar.es/record/55592/files/guia.pdf$$yGuía (idioma español) 000055592 980__ $$aGDOC$$bIngeniería y Arquitectura$$c110